LDR 00912naa#a2200217#i#450# 001 EN\\bibl\126633 005 20260703143453.5 011 ## _a2587-6740 100 ## _a20260615b2026####ek#y0engy0150####ca 102 ## _aRU 200 1# _aBioeconomy as a driver of innovation capacity in agricultural regions: international experience and adaptation in Russian regions _eJournal article 210 1# _aMoscow _cElectronic science _d2026 215 ## _a5 с. 608 ## _aJournal article _2local 675 ## _aЭкономика сельского хозяйства. Продовольственный комплекс. 338.43 _aФакторы экономического развития. 330.341 _z 700 #1 _aBadmaev _gAndrey Hobishalovich 700 #1 _aBaginova _gViktoria Matveevna 700 #1 _aRyumkin _gSergey Vladimirovich 700 #1 _aRyumkina _gInga Nikolaevna 700 #1 _aMangutov _gAleksandr Aleksandrovich 856 4# _aqje.su _u